| 000 | 00844nam a22002177a 4500 | ||
|---|---|---|---|
| 999 |
_c4176 _d4176 |
||
| 003 | AR-CdUCM | ||
| 008 | 190308b ||||| |||| 00| 0 spa d | ||
| 040 |
_aMUNICIPALIDAD PROVINCIAL DEL CUSCO _cBIBLIOTECA MUNICIPAL DEL CUSCO |
||
| 082 |
_22 ed. _a396.985 / _bP85 |
||
| 110 |
_aCentro de información estudios y documentación _913232 |
||
| 245 | _aPresencia de la mujer en las barriadas / | ||
| 260 |
_aLima : _bCIED _c1981. |
||
| 300 |
_a106 paginas ; _c18 cm. |
||
| 440 |
_aLas barriadas Lima 1980 _913233 |
||
| 505 | _aContenido : Situación de la mujer de la barriada -- Testimonios -- Problemas de la situación de la mujer ... | ||
| 650 |
_aEstudios sobre la mujer en el Perú _913234 |
||
| 650 |
_aLa mujer en la Barriada _913235 |
||
| 650 |
_aProblema de la mujer en las barriadas _913236 |
||
| 942 |
_2ddc _cLIBROS |
||
| 945 | _arah | ||